| 000 | 00641nam a2200241Ia 4500 | ||
|---|---|---|---|
| 003 | OSt | ||
| 005 | 20220924124659.0 | ||
| 006 | a|||||r|||| 00| 0 | ||
| 007 | ta | ||
| 008 | 220923b |||||||| |||| 00| 0 urd d | ||
| 020 | _c10 | ||
| 024 | _a317165 | ||
| 037 | _cTextual | ||
| 040 |
_aARTS _cARTS _burd |
||
| 041 |
_2urd _aurd |
||
| 082 | _aO1689,1N46x, L9 | ||
| 100 |
_aChandrabhan Khayal _9196653 |
||
| 245 | 0 | _aSholon ka shajar | |
| 260 |
_aNew Delhi _b Sutoor Prakashan India _c1979 |
||
| 650 | _aURDU POETRY | ||
| 942 |
_hO1689,1N46x, L9 _cTEXL _2CC |
||
| 999 |
_c420572 _d420572 |
||